Statistiche per Top 15 dei paesi con decessi Covid-19 - 2 dicembre

Clicka qui per fare il quiz!

Statistiche generali

  • Questo quiz è stato fatto 7 volte
  • Il punteggio medio è 14 su 21

Statistiche sulle risposte

paese% Corretto
Brasile
100%
Francia
100%
India
100%
Italia
100%
Regno Unito
100%
Russia
100%
Spagna
100%
Stati Uniti
100%
Messico
83%
Argentina
67%
Belgio
67%
Cile
67%
Iran
67%
Polonia
67%
Colombia
50%
Perù
50%
Sudafrica
33%
Bosnia ed
Erzegovina
17%
Ecuador
17%
Cechia
0%
Macedonia
del Nord
0%

Distribuzione punteggi

Percentile per numero di risposta

Percentuale di utenti per punteggio

I tuoi punteggi nel tempo

Non hai fatto questo quiz